000 01391nam0a22003731 4500
001 v19\rc\1965634
005 20251118181034.2
035 _a(NLR Aleph) 005048868
090 _a6872930
_c6872930
100 _a20080428d1914 |||y0rusy50 ca
101 0 _arus
102 _aRU
105 _aa z |||||
200 1 _aПутеводитель по Оружейной палате
_fСост. Ю.В. Арсеньев и В.К. Трутовский, хранители Оружейной палаты
205 _a4-е изд., ил.
210 _aМосква
_cтип. В.И. Воронова
_d1914
215 _aVIII, 303 с.
_cил.
_d19
300 _aВ 1-м изд. загл.: "Оружейная палата"
451 0 _12001#$aОружейная палата
_1205##$a1-е изд.
700 1 _aАрсеньев
_bЮ. В.
_f1857-1919
_gЮрий Васильевич
_4220
701 1 _aТрутовский
_bВ. К.
_f1862-1932
_gВладимир Константинович
_4220
712 0 2 _aОружейная палата
_cМосква
801 0 _aRU
_bNLR
_gpsbo
801 0 _aRU
_bRuMoRGB
_2psbo
801 1 _aRU
_bProSoft-M
_2rusmarc
852 _aNLR
_jИр10/Б-3/10
899 _aRuMoRGB
_jC 52/210
899 _aRuMoRGB
_jU 180/1134
899 _aБАН
899 _aГПИБ
899 _aНБ МГУ
899 _aRuMoRGB
_jV 37/181
942 _cBOOK
980 _aNB